La psychanalyse à l'épreuve de la guerre (Registro nro. 303362)
[ vista simple ]
| 000 -ENCABEZADO | |
|---|---|
| Número de control [NR] | 00979cam a2200277Mi 4500 |
| 005 - FECHA Y HORA DE LA ÚLTIMA TRANSACCIÓN | |
| control field | 20160516101625.0 |
| 008 - DE LONGITUD FIJA DE DATOS DE ELEMENTOS - INFORMACIÓN GENERAL | |
| Elementos de longitud fija [NR] | 160516t20152015fr frb 001 0 fre d |
| 020 ## - NUMERO INTERNACIONAL NORMALIZADO PARA LIBROS [R] | |
| Número Internacional Normalizado del libro [NR] | 9782370200334 |
| 035 ## - NUMERO DE CONTROL DEL SISTEMA [R] | |
| Número de control del sistema [NR] | (OCoLC)902776626 |
| 040 ## - FUENTE DE CATALOGACION [NR] | |
| Agencia de catalogación original [NR] | Co-BoUCM |
| Idioma de catalogación [NR] | spa |
| Quien Cataloga | Saul Niño |
| Quien Clasifica | Saul Niño |
| 041 0# - CODIGO DE IDIOMA [R] | |
| Código de idioma para texto/pista de sonido o título separado [R] | Francés |
| 245 03 - MENCION DE TITULO [NR] | |
| Título [NR] | La psychanalyse à l'épreuve de la guerre |
| Mención de responsabilidad, etc. [NR] | sous la direction de Marie-Hélène Brousse |
| 260 ## - PUBLICACION, DISTRIBUCION, ETC. (PIE DE IMPRENTA) [R] | |
| Lugar de publicación, distribución, etc. [R] | París (Francia) |
| Nombre del editor, distribuidor, etc. [R] | Berg international |
| Fecha de publicación, distribución, etc. [R] | 2015 |
| 300 ## - DESCRIPCION FISICA [R] | |
| Extensión [R] | 263 páginas |
| 500 ## - NOTA GENERAL [R] | |
| Nota general [NR] | Incluye índice |
| 546 ## - NOTA DE IDIOMA [R] | |
| Nota de idioma [NR] | Texto en francés |
| 650 #7 - ASIENTO SECUNDARIO DE MATERIA - TERMINO TEMATICO [R] | |
| Término temático o nombre geográfico como elemento de entrada [NR] | Guerra |
| Subdivisión general [R] | Aspectos psicológicos |
| 9 (RLIN) | 16573 |
| 650 #7 - ASIENTO SECUNDARIO DE MATERIA - TERMINO TEMATICO [R] | |
| Término temático o nombre geográfico como elemento de entrada [NR] | Comportamiento colectivo |
| 9 (RLIN) | 11289 |
| 650 #7 - ASIENTO SECUNDARIO DE MATERIA - TERMINO TEMATICO [R] | |
| Término temático o nombre geográfico como elemento de entrada [NR] | Psicoanálisis |
| 9 (RLIN) | 22781 |
| 650 #7 - ASIENTO SECUNDARIO DE MATERIA - TERMINO TEMATICO [R] | |
| Término temático o nombre geográfico como elemento de entrada [NR] | Sociología militar |
| 9 (RLIN) | 24806 |
| 650 #7 - ASIENTO SECUNDARIO DE MATERIA - TERMINO TEMATICO [R] | |
| Término temático o nombre geográfico como elemento de entrada [NR] | Guerra y sociedad |
| 9 (RLIN) | 16637 |
| Subdivisión general [R] | Aspectos psicológicos |
| 690 #0 - ASUNTO AGREGADO LOCAL DE ENTRADA - TÉRMINO TEMÁTICO (OCLC, RLIN) | |
| Acceso temático local | Psicología |
| 9 (RLIN) | 8001 |
| 700 1# - ASIENTO SECUNDARIO - NOMBRE PERSONAL [R] | |
| Nombre personal [NR] | Brousse, Marie-Hélène |
| Término de relación [R] | director |
| 9 (RLIN) | 77202 |
| 942 ## - ELEMENTOS DE ENTRADA AGREGADOS (KOHA) | |
| Sistema de clasificación | DEWEY |
| Tema principal | Psicología |
| Tipo de ítem principal el descrito en 300a | Libro |
| Edición | 1 |
| Clasificación | 150.195 |
| Parte restante de la signatura top. | P974ps |
| Fecha de último préstamo | Total préstamos | Signatura topográfica | Código de barras | Última vez visto | Ejemplar | Costo de reposición | Price effective from | Tipo de ítem | Perdido | Sistema de clasificación | Dañado | No prestable | Tipo de ítem específico | Suprimido | Ubicación habitual | Ubicación actual | Localización | Fecha de creación | Proveedor | Forma de adquisición | Costo |
|---|---|---|---|---|---|---|---|---|---|---|---|---|---|---|---|---|---|---|---|---|---|
| 15/05/2018 | 1 | 150.195 P974ps | 100149074 | 10/12/2025 | Ej.1 | 26000.00 | 04/05/2016 | Libro | DEWEY | Libro | Claustro | Claustro | 2do piso | 04/05/2016 | 12 | Donación | 0.00 |